000 00469nam a22001457a 4500
008 230414b |||||||| |||| 00| 0 eng d
020 _a0520020499.
050 _aPL8592.N439 M913 1969.
100 _aBiebuyck, Daniel.
_939174
245 _aThe Mwindo epic;
_bfrom the Banyanga (Congo Republic)
_cDaniel Biebuyck.
260 _aLondon:
_bUniversity of California Press,
_c1969.
300 _aviii;
_b213p,
_c21cm.
650 _2epic literature;
942 _2lcc
_cMONOGRAPH
999 _c131742
_d131742